Nantes de A à Z - Statistiques

Statistiques générales
  • Ce quiz a été pris 2 287 fois
  • Le résultat moyen est 18 sur 26
Statistiques - réponses
Lettre Indice Réponse % Correct
B Stade du FC Nantes Stade de la Beaujoire
96%
L Marque de biscuits emblématique de la ville de Nantes LU
91%
A Deux fois reine de France Anne de Bretagne
88%
C Station où se rejoignent les 3 premières lignes de tramway Commerce
88%
E Affluent de la Loire qui s'écoule dans la partie Nord de la ville Erdre
83%
X Prénom du père qui à disparu suite au meurtre du reste de sa famille en avril 2011 Xavier Dupont de Ligonnès
83%
N Nom de la ville en Breton Naoned
82%
M Elles comprennent un éléphant, un carrousel géant et une branche d'arbre aux hérons Les Machines de l'île
81%
J Prénom d'un célèbre romancier de science-fiction nantais Jules Verne
78%
Z Plus grande salle de spectacle de l'agglomération Zenith
74%
O Ville au Nord de l'agglomération, 5ème en population Orvault
72%
R Une des places majeures de Nantes, ornementée d'une grande fontaine Royale
72%
G Théâtre inauguré en 1788 dans le centre-ville de Nantes Graslin
71%
P Galerie marchande de style néoclassique inaugurée en 1843 Passage Pommeraye
71%
W Boîte de nuit la plus fréquentée de France, située dans le Hangar à banane Warehouse
71%
T Ancien village de pêcheur pittoresque situé en face du quartier de Chantenay Trentemoult
62%
V Commune qui touche l'extrémité sud de la ville de Nantes Vertou
56%
D Grand quartier d'habitat social à l'ouest de Nantes Dervallières
55%
H Club de handball finaliste de la Ligue des champions en 2018 HBCN
55%
I Petite ville de l'agglomération nantaise qui partage son nom avec un département Indre
55%
K Cinéma situé dans le centre-ville de Nantes, à côté du Théâtre G_____ Katorza
49%
F Ile comblée dans les années 1930, rattachée au reste de la ville Feydeau
47%
Y Prénom inclu dans le nom de 9 rue nantaises Yves
47%
U Ensemble d'établissement qui comprends les complexes Centre Loire, du Tertre ou Lombarderie/Michelet Université de Nantes
46%
S Affluent de la Loire qui s'écoule dans la partie Sud de la ville Sèvre Nantaise
44%
Q On peut y visiter le Maillé-Brezé ou y emprunter le Navibus Quai de la Fosse
33%
Aucun quiz correspondant
Distribution des résultats
% des personnes avec chaque résultat
Percentile par nombre de réponses
Votre historique - résultats
Vous n’avez pas pris ce quiz